| 000 | 01203cam a22003495i 4500 | ||
|---|---|---|---|
| 003 | EG-ScBUE | ||
| 005 | 20221221094131.0 | ||
| 008 | 150816t2006 enka f 000 0 eng d | ||
| 020 | _a9783833125768 (pbk.) | ||
| 020 | _a3833125764 | ||
| 020 | _a9783833125768 | ||
| 040 |
_aEG-ScBUE _beng _erda _cEG-ScBUE _dEG-ScBUE |
||
| 041 | 1 |
_aeng _hspa |
|
| 082 | 0 | 4 |
_a729.09045 _bMIN _222 |
| 240 | 1 | 0 |
_aMinimalism minimalist : history fashion design architecture interiors. _lEnglish |
| 245 | 0 | 0 |
_aMinimalism : _bhistory, fashion, design, architecture, interiors / _cedited by Sofia Cheviakoff. |
| 246 | 3 | 4 | _aMinimalism Minimalist |
| 264 | 1 |
_aOxford : _bKonemann, _c[2006] |
|
| 264 | 4 | _cc2006 | |
| 300 |
_a999 pages : _bcolor illustrations ; _c18 cm |
||
| 336 |
_2rdacontent _atext _btxt |
||
| 337 |
_2rdamedia _aunmediated _bn |
||
| 338 |
_2rdacarrier _avolume _bnc |
||
| 546 | _aText in English ; translated from the original Spanish. | ||
| 590 | _adoaa mohamed | ||
| 650 | 7 |
_aArchitecture, Modern _y21 century. _2BUEsh |
|
| 650 | 7 |
_aInterior decoration. _2BUEsh |
|
| 653 |
_bENGARC _cAugust2015 |
||
| 655 | _vReading book | ||
| 700 | 1 |
_aCheviakoff, Sofia, _eeditor. |
|
| 942 |
_cBB _k729.09045 MIN _2ddc |
||
| 999 |
_c9746 _d9746 |
||